|
|
|
|
| LEADER |
00000cam a22000004a 4500 |
| 001 |
musev2_6975 |
| 003 |
MdBmJHUP |
| 005 |
20230905040816.0 |
| 006 |
m o d |
| 007 |
cr||||||||nn|n |
| 008 |
090804s2010 miu o 00 0 eng d |
| 010 |
|
|
|z 2009031982
|
| 020 |
|
|
|a 9781609172145
|
| 020 |
|
|
|z 9781611861396
|
| 020 |
|
|
|z 9780870139857
|
| 035 |
|
|
|a (OCoLC)774285396
|
| 040 |
|
|
|a MdBmJHUP
|c MdBmJHUP
|
| 043 |
|
|
|a n------
|
| 050 |
0 |
4 |
|a E99.I7
|b P26 2010
|
| 082 |
0 |
|
|a 970.01
|2 22
|
| 100 |
1 |
|
|a Parmenter, Jon.
|
| 245 |
1 |
4 |
|a The Edge of the Woods :
|b Iroquoia, 1534-1701 /
|c Jon Parmenter.
|
| 264 |
|
1 |
|a East Lansing :
|b Michigan State University Press,
|c 2010.
|
| 264 |
|
3 |
|a Baltimore, Md. :
|b Project MUSE,
|c 2012
|
| 264 |
|
4 |
|c ©2010.
|
| 300 |
|
|
|a 1 online resource (524 pages):
|b ill., maps ;
|
| 336 |
|
|
|a text
|b txt
|2 rdacontent
|
| 337 |
|
|
|a computer
|b c
|2 rdamedia
|
| 338 |
|
|
|a online resource
|b cr
|2 rdacarrier
|
| 504 |
|
|
|a Includes bibliographical references and index.
|
| 505 |
0 |
|
|a On the journey, 1534-1634 -- The edge of the woods, 1635-1649 -- Requickening, 1650-1666 -- Six songs, 1667-1684 -- Over the forest, part I, 1685-1693 -- Over the forest, part II, 1694-1701 -- Epilogue -- Appendix 1: Iroquois settlements, 1600-1701 -- Appendix 2: postepidemic Iroquois demography, 1634-1701.
|
| 588 |
|
|
|a Description based on print version record.
|
| 650 |
|
0 |
|a Human geography
|z North America
|x History.
|
| 650 |
|
0 |
|a Community life
|z North America
|x History.
|
| 650 |
|
0 |
|a Power (Social sciences)
|z North America
|x History.
|
| 650 |
|
0 |
|a Spatial behavior
|z North America
|x History.
|
| 650 |
|
0 |
|a Social mobility
|z North America
|x History.
|
| 650 |
|
0 |
|a Social structure
|z North America
|x History.
|
| 650 |
|
0 |
|a Iroquois Indians
|x Social conditions.
|
| 650 |
|
0 |
|a Iroquois Indians
|x Social life and customs.
|
| 651 |
|
0 |
|a North America
|x Social conditions.
|
| 651 |
|
0 |
|a North America
|x Social life and customs.
|
| 655 |
|
7 |
|a Electronic books.
|2 local
|
| 710 |
2 |
|
|a Project Muse.
|e distributor
|
| 830 |
|
0 |
|a Book collections on Project MUSE.
|
| 856 |
4 |
0 |
|z Texto completo
|u https://projectmuse.uam.elogim.com/book/6975/
|
| 945 |
|
|
|a Project MUSE - Custom Collection
|
| 945 |
|
|
|a Project MUSE - 2010 US Regional Studies, New England and Mid Atlantic
|
| 945 |
|
|
|a Project MUSE - Archive Native American and Indigenous Studies Foundation
|
| 945 |
|
|
|a Project MUSE - 2010 Complete
|